ANA S5 10 (Record no. 1173870)

MARC details
000 -LEADER
sabit uzunluktaki kontrol alanı 00240nam a2200097Ia 4500
001 - KONTROL NUMARASI
kontrol alanı 1173870
005 - EN SON İŞLEMİN TARİH VE ZAMANI
kontrol alanı 20250827012622.0
008 - SABİT-UZUNLUKTA VERİ ÖĞELERİ--GENEL BİLGİ
sabit uzunluktaki kontrol alanı 250824s9999 xx 000 0 und d
245 #0 - ESER / YAZAR
ESER ADI ANA S5 10
Yazar Adı MAKSİM GORKİ
260 ## - YAYIN, DAĞITIM, VB.
YAYIN EVİ AKVARYUM YAYINLARI
Holdings
Düşüm durumu Kayıp durumu Hasar Durumu Ödünç verilmez Ana kütüphane Geçerli Kütüphane Edinilen tarih Toplam ödünç verme sayısı Barkod Son görüntüleme tarihi Fiyatın geçerli olmaya başladığı tarih Koha materyal türü
        MEHMET ZAHİD KOTKU KIZ ANADOLU İMAM HATİP LİSESİ MEHMET ZAHİD KOTKU KIZ ANADOLU İMAM HATİP LİSESİ 24.08.2025   10934814 27.08.2025 27.08.2025 Books